000
00296nam a22001337a 4500
008
171123b xxu||||| |||| 00| 0 eng d
020
_a
9780782114140
041
_a
eng
080
_a
004
100
_a
28
101
_a
SHK
245
_a
YOUR FIRST C/C++ PROGRAM
_c
NEIBAUER.A.R
942
_2
udc
_c
BK
999
_c
38380
_d
38380